000 00682nam a2200241Ia 4500
003 OSt
005 20220918202555.0
006 a|||||r|||| 00| 0
007 ta
008 220917b |||||||| |||| 00| 0 eng d
024 _a102,230
037 _cTextual
040 _aARTS
_cARTS
_beng
041 _2eng
_aeng
082 _aV236:4:M5, C7 (=)
100 _aGough Charles
_9104391
245 0 _aSikhs and the sikh wars
_b the rise, conquest and annexation of the Punjab State
260 _c1897
650 _aHISTORY
700 _a Innes Arthur D
_9104392
942 _hV236:4:M5, C7 (=)
_cTEXL
_2CC
999 _c225690
_d225690